书目信息 |
| 题名: |
平民笔记之1966
|
|
| 作者: | 王家荣 著 | |
| 分册: | ||
| 出版信息: | 海口 南海出版公司 2003.09 |
|
| 页数: | 223页 | |
| 开本: | 21cm | |
| 丛书名: | ||
| 单 册: | ||
| 中图分类: | I267 | |
| 科图分类: | ||
| 主题词: | 随笔--中国--现代--作品集 | |
| 电子资源: | ||
| ISBN: | 7-5442-2456-2 | |
| 000 | 00707nam0 2200217 450 | |
| 001 | 192004003422 | |
| 005 | 20070905142230.43 | |
| 010 | @a7-5442-2456-2@dCNY20.00 | |
| 100 | @a20070602d2003 ekmy0chiy0121 ea | |
| 101 | 0 | @achi |
| 102 | @aCN@b460000 | |
| 105 | @aa z 000cy | |
| 200 | 1 | @a平民笔记之1966@Aping min bi ji zhi 1966@f王家荣著 |
| 210 | @a海口@c南海出版公司@d2003.09 | |
| 215 | @a223页@c图@d21cm | |
| 330 | @a本书是一本描写乡村生活的散文、随笔集,记叙了湖北石首地区的乡土人情。对当地的村民、婚丧嫁娶,迎来送往、饮食起居等进行了系统生动的描绘。 | |
| 606 | 0 | @a随笔@y中国@z现代@j作品集 |
| 690 | @aI267@v4 | |
| 701 | 0 | @a王家荣@Awang jia rong@4著 |
| 801 | 0 | @aCN@c20070905 |
| 905 | @dI267@eW225 | |
| 平民笔记之1966/王家荣著.-海口:南海出版公司,2003.09 |
| 223页:图;21cm |
| ISBN 7-5442-2456-2:CNY20.00 |
| 本书是一本描写乡村生活的散文、随笔集,记叙了湖北石首地区的乡土人情。对当地的村民、婚丧嫁娶,迎来送往、饮食起居等进行了系统生动的描绘。 |
| ● |
| 相关链接 |
|
|
|
正题名:平民笔记之1966
索取号:I267/W225
 
预约/预借
| 序号 | 登录号 | 条形码 | 馆藏地/架位号 | 状态 | 备注 |
| 1 | 617964 | 206179641 | 文学库116/116文学库 6排6列6层/ [索取号:I267/W225] | 在馆 | |
| 2 | 617965 | 206179650 | 文学库116/116文学库 6排6列6层/ [索取号:I267/W225] | 在馆 | |
| 3 | 617966 | 206179669 | 社科二线422/422社科库 26排22列2层/ [索取号:I267/W225] | 在馆 |